Top 26 in the Eurovision Finals 2023 - Statistics

General Stats
  • This quiz has been taken 53 times
  • The average score is 20 of 26
Answer Stats
Place Country Points Gained % Correct
1st Sweden 583 Points
100%
2nd Finland 526 Points
96%
26th Germany 18 Points
92%
3rd Israel 362 Points
92%
25th United Kingdom 24 Points
92%
4th Italy 350 Points
88%
5th Norway 268 Points
84%
17th Spain 100 Points
84%
15th Austria 120 Points
80%
7th Belgium 182 Points
80%
16th France 104 Points
80%
9th Australia 151 Points
76%
6th Ukraine 243 Points
76%
22th Albania 76 Points
72%
14th Armenia 122 Points
72%
10th Czech Republic 129 Points
72%
11th Lithuania 127 Points
72%
24th Serbia 30 Points
72%
8th Estonia 168 Points
68%
19th Poland 93 Points
68%
13th Croatia 123 Points
64%
12th Cyprus 126 Points
64%
23th Portugal 59 Points
64%
21th Slovenia 78 Points
64%
18th Moldova 96 Points
60%
20th Switzerland 92 Points
56%
No matching quizzes found
Score Distribution
Percent of People with Each Score
Percentile by Number Answered
Your Score History
You have not taken this quiz